Qasid - 1996 (Record no. 195202)
[ view plain ]
| 000 -LEADER | |
|---|---|
| fixed length control field | 00341 a2200145 4500 |
| 003 - CONTROL NUMBER IDENTIFIER | |
| control field | Nust |
| 005 - DATE AND TIME OF LATEST TRANSACTION | |
| control field | 20170207154219.0 |
| 040 ## - CATALOGING SOURCE | |
| Transcribing agency | Nust |
| 082 ## - DEWEY DECIMAL CLASSIFICATION NUMBER | |
| Classification number | 050 |
| 100 ## - MAIN ENTRY--PERSONAL NAME | |
| Personal name | Patron Malik, Shahzad Alam Maj Gen |
| 245 ## - TITLE STATEMENT | |
| Title | Qasid - 1996 |
| Statement of responsibility, etc. | Maj Gen Shahzada Alam Malik |
| 260 ## - PUBLICATION, DISTRIBUTION, ETC. | |
| Place of publication, distribution, etc. | Rwp |
| Name of publisher, distributor, etc. | MCS |
| Date of publication, distribution, etc. | 1996 |
| 300 ## - PHYSICAL DESCRIPTION | |
| Extent | 142 p. |
| 538 ## - SYSTEM DETAILS NOTE | |
| System details note | Almirah No. 136 Shelf No.1 |
| 942 ## - ADDED ENTRY ELEMENTS (KOHA) | |
| Koha item type | |
| Withdrawn status | Lost status | Source of classification or shelving scheme | Damaged status | Not for loan | Collection code | Permanent Location | Current Location | Date acquired | Total Checkouts | Full call number | Barcode | Date last seen | Price effective from | Koha item type |
|---|---|---|---|---|---|---|---|---|---|---|---|---|---|---|
| Military College of Signals (MCS) | Military College of Signals (MCS) | 12/12/2016 | 050 MAL | MCSP-23/42 | 12/08/2016 | 12/12/2016 | Book |
